Statistiques concernant Départements français et numéros (sans carte)

Cliquez ici pour prendre le quiz!

Statistiques générales

  • Ce quiz a été pris 849 fois
  • Le résultat moyen est 73 sur 101

Statistiques - réponses

Départements% Correct
02Aisne
95%
10Aube
95%
01Ain
89%
75Paris
89%
59Nord
86%
08Ardennes
85%
22Côtes-d'Armor
84%
44Loire-Atlantique
83%
06Alpes-Maritimes
82%
09Ariège
82%
11Aude
82%
2BHaute-Corse
82%
25Doubs
81%
03Allier
80%
13Bouches-du-Rhône
79%
16Charente
79%
19Corrèze
79%
21Côte-d'Or
79%
33Gironde
79%
38Isère
79%
74Haute-Savoie
79%
15Cantal
78%
17Charente-Maritime
78%
18Cher
78%
26Drôme
78%
84Vaucluse
78%
2ACorse-du-Sud
77%
34Hérault
77%
29Finistère
76%
30Gard
76%
50Manche
76%
83Var
76%
90Territoire de Belfort
76%
05Hautes-Alpes
75%
07Ardèche
75%
23Creuse
75%
42Loire
75%
93Seine-Saint-Denis
75%
14Calvados
74%
35Ille-et-Vilaine
74%
69Rhône
74%
72Sarthe
74%
94Val-de-Marne
74%
32Gers
73%
39Jura
73%
43Haute-Loire
73%
73Savoie
73%
92Hauts-de-Seine
73%
04Alpes-de-Haute-Provence
72%
12Aveyron
72%
60Oise
72%
61Orne
72%
66Pyrénées-Orientales
72%
76Seine-Maritime
72%
55Meuse
71%
64Pyrénées-Atlantiques
71%
78Yvelines
71%
85Vendée
71%
45Loiret
70%
62Pas-de-Calais
70%
91Essonne
70%
63Puy-de-Dôme
69%
67Bas-Rhin
69%
68Haut-Rhin
69%
80Somme
69%
89Yonne
69%
95Val-d'Oise
69%
24Dordogne
68%
31Haute-Garonne
68%
46Lot
68%
71Saône-et-Loire
68%
77Seine-et-Marne
68%
37Indre-et-Loire
67%
49Maine-et-Loire
67%
51Marne
67%
57Moselle
66%
58Nièvre
66%
88Vosges
66%
52Haute-Marne
65%
82Tarn-et-Garonne
65%
976Mayotte
65%
36Indre
64%
40Landes
64%
48Lozère
64%
86Vienne
64%
87Haute-Vienne
64%
971Guadeloupe
64%
972Martinique
64%
974La Réunion
64%
28Eure-et-Loir
63%
47Lot-et-Garonne
63%
56Morbihan
63%
27Eure
62%
53Mayenne
62%
81Tarn
62%
54Meurthe-et-Moselle
60%
65Hautes-Pyrénées
60%
973Guyane
60%
41Loir-et-Cher
59%
79Deux-Sèvres
57%
70Haute-Saône
55%

Distribution des résultats

Percentile par nombre de réponses

% des personnes avec chaque résultat

Votre développement - résultats

Vous n’avez pas pris ce quiz